1462 1574 1936 1654 1862 1269 1261 1092 1350 1461 1370 1069 1683 1868 1825 1199 1215 1526 1297 1005 1587 1050 1047 1172 1541 1781 1372 1565 1174 1778 1263 1285 1752 1630 1991 1207 1910 1424 1401 1355 1229 1853 1986 1657 1852 1157 1412 1593 1254 1211 1859 1821 1677 1726 1842 1021 1215 1672 1292 1360 1763 1258 1962 1338 1075 1459 1969 1702 1525 1725 1508 1437 1620 1925 1438 1056 1803 1376 1167 1980 1263 1175 1720 1879 1305 1611 1349 1536 1157 1881 1746 1797 1252 1314 1887 1661 1733 1382 1714 BCNSPRNW ULIB Ver.6.0+V

เปลี่ยนเป็นภาษาไทย

Change to English
 แสดงรายละเอียดบรรณานุกรม
  กลับหน้าหลัก

Brief Record : Get Marc (ISO 2709) : E-mail record : QR code < ปิดหน้าต่าง
LEADER : 00000nam 2200000uu 4500
001    13399121552
003     ULIB
008    121122s2550||||th 000 0 tha d
020    ^a9789740911968
060 04 ^aWW140^bส770ด
245 00 ^aดวงตา :^bอวัยวะที่ควรทะนุถนอม /^c[บรรณาธิการ, สุดารัตน์ใหญ่สว่าง ... [และคนอื่นๆ]]
250    ^aพิมพ์ครั้งที่ 1
260    ^aกรุงเทพฯ :^bคณะแพทยศาสตร์ จุฬาลงกรณ์มหาวิทยาลัย,^c2550
300    ^a64 หน้า :^bภาพประกอบ ;^c22 ซม.
440  0 ^aความรู้ทางการแพทย์สู่ประชาชน
650  7 ^aตา, โรค^xการป้องกันและควบคุม
650  7 ^aตา^xการดูแลและสุขวิทยา
700 0  ^aสุดารัตน์ ใหญ่สว่าง,^eบรรณาธิการ
710 2  ^aจุฬาลงกรณ์มหาวิทยาลัย. ^bคณะแพทยศาสตร์
945    ^p90^l0^i16198
995    ^aวิภา
999 ^a ใช้งานได้ทุกระบบ
รายการนี้ยังไม่มีแท็ก
คุณยังไม่ได้ล็อกอิน คุณสามารถมีกิจกรรมร่วมกับเว็บไซต์ได้ แต่ต้องล็อกอินก่อน ::
  ล็อกอิน

รายการสื่อสารสนเทศ

ลำดับที่ ประเภท เลขเรียก/บาร์โค้ด สถานที่ สถานะ
1. วิทยาศาสตร์การแพทย์ และสุขภาพ
วิทยาศาสตร์การแพทย์ และสุขภาพ
WW140 ส770ด  
  Barcode: 16198
ห้องสมุดวิทยาเขตสวรรค์ประชารักษ์
►ส่วนจัดเก็บหนังสือเก่า สปร
บนชั้น
  ขอยืม

BibComment


ยังไม่เคยถูกคอมเมนท์

คอมเมนท์ทรัพยากรรายการนี้
  คอมเมนท์: ดวงตา อวัยวะที่..


 Copyright 2026. Bcnsprnw @Library